Sports Quiz

Random Sports Quiz

Scottish football teams by best ever league position Quiz Stats

 Plays Quiz not verified by Sporcle

Score 0/45 Timer 10:00
0 Plays Today
Position Team % Correct
1stRangers
100%
1stCeltic
99.7%
1stAberdeen
97.3%
1stDundee United
88.2%
1stKilmarnock
70.6%
1stHeart of Midlothian
65.8%
1stHibernian
64.8%
1stDundee
64.2%
1stMotherwell
55.2%
1stDumbarton
41.5%
1stThird Lanark
41.2%
3rdSt.Johnstone
33.6%
3rdLivingston
29.4%
3rdInverness Caledonian Thistle
27%
12thGretna
23.3%
5thRoss County
21.3%
3rdSt.Mirren
20.6%
3rdDunfermline Athletic
17%
2ndFalkirk
14.8%
3rdClyde
12.1%
2ndGreenock Morton
11.8%
3rdPartick Thistle
11.2%
2ndAirdrieonians
8.8%
Position Team % Correct
4thHamilton Academical
8.5%
3rdEast Fife
7.6%
3rdRaith Rovers
7.6%
4thAyr United
6.4%
4thQueen of the South
5.5%
5thQueen's Park
4.8%
18thEast Stirlingshire
3.9%
3rdSt.Bernard's
3.6%
12thStirling Albion
3.3%
20thAlloa Athletic
3.3%
5thCowdenbeath
3%
7thRenton
3%
11thAlbion Rovers
3%
11thArbroath
2.4%
5thClydebank
2.1%
9thVale of Leven
1.8%
4thCambuslang
1.5%
19thBo'ness
1.5%
4thLeith Athletic
1.2%
7thAbercorn
1.2%
10thCowlairs
1.2%
9thPort Glasgow Athletic
0.9%

You're not logged in!

Compare scores with friends on all Sporcle quizzes.
OR
Log In

Show Comments

Extras

Created Feb 15, 2012ReportNominate
Tags:Scottish Football

Top Quizzes Today


Score Distribution

Your Account Isn't Verified!

In order to create a playlist on Sporcle, you need to verify the email address you used during registration. Go to your Sporcle Settings to finish the process.

Report this User

Report this user for behavior that violates our Community Guidelines.

Details: